| 000 | 00476cam a2200193ua 4500 | ||
|---|---|---|---|
| 001 | 11399 | ||
| 008 | 190917n ii |||gr||||Z||||||eng | ||
| 020 | _a9789350980750 | ||
| 040 | _cMAIN | ||
| 041 | _aeng | ||
| 082 | _a934 | ||
| 100 |
_aD N Jha, _eAuthor. |
||
| 245 |
_aAncient india : _bIn historical outline / _cBy D N Jha . |
||
| 250 | _a3rd ed rep. | ||
| 260 |
_aNew Delhi: _bManohar publishers, _c2018. |
||
| 300 | _a238p. | ||
| 653 | _aIndia to 647 | ||
| 942 | _cBK | ||
| 999 |
_c10241 _d10241 |
||